000 00560nam a2200205 i 4500
001 bgj
100 1 _aSTANTON, Alan
245 1 0 _aFast Track to CAE :
_bcoursebook /
_cAlan Stanton, Susan Morris.
260 _aHarlow, Essex :
_bLongman,
_c2003.
300 _a214 pp :
_bill. ;
_c28 cm.
650 9 _aEnglish language
_xCAE
655 _aTextbooks for foreigners
700 1 _aMORRIS, Susan.
_eco-author
020 _a0582323401
040 _cBPK
041 0 _aeng
920 _a0-582-32340-1
942 _cKS
008 s uk f |000 0 eng
999 _c49007
_d49007
856 _uhttp://koha.tu.koszalin.pl/cgi-bin/koha/opac-detail.pl?biblionumber=49007
_yKatalog online BPK